000 01441nam a2200217Ia 4500
003 Ost
005 20260416102355.0
008 260416s9999||||xx |||||||||||||| ||und||
040 _cfsecg
041 _aara
082 _a338.5
100 _aلعرج مجاهد، نسيمة
_eمؤلف
245 0 _aمحاضرات في الإقتصاد الجزئي مدعمة بتمارين محلولة /
_c نسيمة لعرج مجاهد
260 _aالجزائر
_bجامعة الجزائر3: كلية العلوم الإقتصادية، العلوم التجارية وعلوم التسيير
_c2020
300 _a215 ورقة
_bايضاحات
_c30 سم
504 _aمراجع ص.214
520 _aالاقتصاد و المشكلة الاقتصادية و بعض المصطلحات الاقتصادية الاساسية و التحليل الاقتصادي الجزئي و التحليل الاقتصادي الكلي كما تم التطرق الى نظرية الطلب و العرض و كذا توازن السوق و تطبيقاته و مرونة الطلب و مرونة العرض و كذا تحليل سلوك المستهلك و نظرية الانتاج و أخيرا نظرية التكاليف .
653 _aالاقتصاد الجزئي
710 _aجامعة الجزائر3: كلية العلوم الإقتصادية، العلوم التجارية وعلوم التسيير
_eناشر علمي
942 _cHANDOUT
999 _c41190
_d41190